Taylor Swift - Babe Lyrics - Statistics

General Stats
  • This quiz has been taken 216 times
  • The average score is 266 of 331
Answer Stats
Answer % Correct
a
97%
babe?
97%
babe
97%
(Babe)
97%
I
97%
you
97%
You
97%
the
94%
this
92%
This
92%
(This
92%
on
91%
your
91%
Your
91%
that
90%
That
90%
What
90%
(What
90%
be
89%
is
89%
it
89%
do
88%
ever
86%
time
86%
time)
86%
call
85%
How
85%
how
85%
one
85%
could
84%
hear
84%
last
84%
I'll
83%
shame
81%
promise
79%
about
77%
can't
77%
Her
77%
We
77%
we
77%
away
75%
but
75%
got
75%
really
75%
Didn't
74%
didn't
74%
(No)
74%
"No
74%
to
74%
said
73%
of
72%
promises
72%
promises?
72%
promises?)
72%
won't
72%
love
71%
want
70%
you're
70%
because
69%
have
69%
I'm
69%
never
69%
and
68%
And
68%
made
68%
blew
67%
hate
66%
down
64%
else"
64%
through
64%
it's
63%
its
63%
should
63%
break
62%
unsee
62%
getting
61%
lips
61%
wanna
61%
every
60%
kitchen
60%
We're
60%
floor
59%
yeah
59%
that's
58%
ain't
57%
neck
57%
Since
57%
broke
56%
so
56%
admitted
55%
wreck
54%
ball
53%
sweetest
53%
Big
52%
here
52%
keep
52%
mistake
52%
plans
52%
waste
52%
wrecking
52%
picturing
50%
face
49%
strange
48%
has
46%
innocent
45%
look
45%
doesn't
44%
secret
43%
consequence
42%
pictures
39%
Takin'
34%
No matching quizzes found
Score Distribution
Percent of People with Each Score
Percentile by Number Answered
Your Score History
You have not taken this quiz